000 00697nam a2200289Ia 4500
005 20260324112541.0
008 008 260324s9999 xx 000 0 eng d
020 _a9781003461067
037 _aEBOOK
040 _aCRL
040 _beng
040 _cCRL
041 _2eng
041 _aeng
084 _qCRL
100 _aMarc Hudson
_91143161
245 0 _aCarbon Capture and Storage in the United Kingdom
245 0 _bHistory, Policies and Politics
260 _bTaylor and Francis
260 _c2024
365 _a
365 _b83.99
856 _uhttp://www.taylorfrancis.com/books/9781003461067
942 _cEBOOK
999 _c1732412
_d1732412